Ekonomické aspekty riadenia kvality dodávateľov automobilového priemyslu dizertačná práca

Saved in:
Bibliographic Details
Main Author: Kicáková, Katarína
Corporate Author: Ekonomická univerzita v Bratislave. Podnikovohospodárska fakulta so sídlom v Košiciach
Other Authors: Tkáč, Marián
Format: Book
Language:Slovak
Published: Bratislava 2011
Subjects:
Tags: Add Tag
No Tags, Be the first to tag this record!

MARC

LEADER 00000nam a2200000 4500
001 0136821
005 20240502072531.4
041 0 |a slo 
044 |a SK 
245 1 0 |a Ekonomické aspekty riadenia kvality dodávateľov automobilového priemyslu  |b dizertačná práca  |c Katarína Kicáková ; školiteľ: Marián Tkáč 
264 1 |a Bratislava  |c 2011 
300 |a 131 s. 
610 2 0 |a priemysel automobilový 
610 2 0 |a riadenie kvality 
610 2 0 |a náklady 
610 2 0 |a dodávatelia 
100 1 |a Kicáková, Katarína 
700 1 |a Tkáč, Marián 
710 2 |a Ekonomická univerzita v Bratislave. Podnikovohospodárska fakulta so sídlom v Košiciach